000 00564cam a2200217 i 4500
001 4140476
005 20180308033346.0
008 780208s1977 maua b 001 0 eng
010 _a 77073953
020 _a0201000229
040 _aDLC
_cDLC
_dDLC
041 _aeng
080 _a001.6425
082 0 0 _a001.6425 AHO
100 1 _a30
101 _aSHKI
245 1 0 _aPrinciples of compiler design /
_cAlfred V. Aho, Jeffrey D. Ullman.
504 _aBibliography: p. 570-591.
906 _a7
_bcbc
_corignew
_d2
_eopcn
_f19
_gy-gencatlg
942 _2ddc
_cBK
999 _c44374
_d44374